[Event "Festival Magistrale"]
[Site "Jesolo ITA"]
[Date "2001.12.27"]
[Round "1"]
[White "Delchev, Aleksander"]
[Black "Genocchio, Daniele"]
[Result "1-0"]
[WhiteElo "2634"]
[BlackElo "2328"]
[PlyCount "29"]
[EventDate "2001.12.27"]

1. Nf3 d6 2. d4 g6 3. c4 Bg7 4. Nc3 Nf6 5. e4 O-O 6. Be2 e5 7. O-O exd4 8. Nxd4
Re8 9. f3 c6 10. Kh1 Nbd7 11. Bg5 Qa5 12. Bh4 Ne5 13. Nb3 Qa6 14. g3 Be6 15. f4
1-0

[Event "I Festival A"]
[Site "Letojanni ITA"]
[Date "2001.12.22"]
[Round "1"]
[White "Bonaccorsi, Fabrizio"]
[Black "Antoniacci, Riccardo"]
[Result "1-0"]
[WhiteElo "2163"]
[BlackElo "1735"]
[PlyCount "92"]
[EventDate "2001.12.22"]

1. c4 e5 2. g3 d6 3. Bg2 f5 4. d4 exd4 5. Qxd4 Nc6 6. Qd2 Nf6 7. Nc3 Be7 8. Nh3
O-O 9. Nf4 Ne5 10. b3 c6 11. O-O g5 12. Nd3 Nh5 13. e3 f4 14. exf4 gxf4 15.
Nxe5 dxe5 16. Qe2 Bb4 17. Nd5 Nxg3 18. hxg3 cxd5 19. Bxd5+ Kg7 20. Qxe5+ Qf6
21. Bb2 Qxe5 22. Bxe5+ Kg6 23. Bxf4 a5 24. Be5 Bc5 25. Kg2 Ra7 26. Rad1 b6 27.
Bd4 a4 28. b4 Bxb4 29. Bxb6 Re7 30. Rb1 Bc3 31. Bc5 Rfe8 32. Bxe7 Rxe7 33. Rbc1
Bb2 34. Rce1 Rc7 35. Re2 a3 36. Rfe1 Bf5 37. Re7 Rc5 38. f4 Bc3 39. R1e3 Bb2
40. Rf3 h5 41. Bf7+ Kh6 42. Be6 Bb1 43. g4 Bxa2 44. g5+ Kg6 45. Bf7+ Kf5 46.
Re6 Bb3 1-0

[Event "I Festival A"]
[Site "Letojanni ITA"]
[Date "2001.12.22"]
[Round "1"]
[White "Cappadona, Salvatore"]
[Black "Scalcione, Michelangelo"]
[Result "0-1"]
[WhiteElo "1979"]
[BlackElo "2292"]
[PlyCount "60"]
[EventDate "2001.12.22"]

1. e4 e5 2. d4 exd4 3. f4 d5 4. e5 Bb4+ 5. Nd2 Nh6 6. Bd3 Be7 7. Ngf3 c5 8. b3
Nc6 9. O-O Nf5 10. Qe2 O-O 11. a3 a6 12. Ng5 Bxg5 13. fxg5 Ne3 14. Nf3 Nxf1 15.
Qxf1 Be6 16. Qf2 Rc8 17. Qh4 g6 18. Bd2 b5 19. Re1 c4 20. bxc4 dxc4 21. Be4 Ne7
22. Bb4 Re8 23. Bd6 Qb6 24. Qf2 Rcd8 25. Nxd4 Nc8 26. Bc6 Nxd6 27. exd6 Rxd6
28. Bxe8 Qxd4 29. Re3 Kf8 30. c3 Qb6 0-1

[Event "I Festival A"]
[Site "Letojanni ITA"]
[Date "2001.12.22"]
[Round "1"]
[White "Martorelli, Antonio"]
[Black "De Marco, Ivan"]
[Result "1-0"]
[WhiteElo "2278"]
[BlackElo "1835"]
[PlyCount "83"]
[EventDate "2001.12.22"]

1. e4 c5 2. Nf3 Nc6 3. Bb5 Qc7 4. O-O Nf6 5. Nc3 e5 6. Re1 Be7 7. Nd5 Nxd5 8.
exd5 Nd4 9. Nxd4 cxd4 10. Qh5 a6 11. Qxe5 Qxe5 12. Rxe5 Kd8 13. Bf1 Bf6 14. Re1
g5 15. d6 b5 16. a4 b4 17. a5 Rb8 18. Bc4 Re8 19. Rxe8+ Kxe8 20. d3 Bb7 21. Bd2
Bc8 22. Ra4 h6 23. Rxb4 Rxb4 24. Bxb4 Bb7 25. Bc5 Be5 26. b4 f5 27. b5 axb5 28.
Bxb5 h5 29. a6 Ba8 30. g3 f4 31. gxf4 Bxf4 32. Bxd4 Bxd6 33. Be3 g4 34. d4 Kd8
35. Bf1 Kc8 36. c4 Kb8 37. d5 h4 38. Be2 g3 39. hxg3 hxg3 40. f4 Bb4 41. Kg2
Kc7 42. Kxg3 1-0

[Event "I Festival A"]
[Site "Letojanni ITA"]
[Date "2001.12.22"]
[Round "1"]
[White "Ortega, Lexy"]
[Black "Rabovszky, Gyorgy"]
[Result "1-0"]
[WhiteElo "2494"]
[BlackElo "2070"]
[PlyCount "41"]
[EventDate "2001.12.22"]

1. d4 Nf6 2. Nf3 d5 3. c4 dxc4 4. e3 Nc6 5. Bxc4 e6 6. Nc3 Bb4 7. Bd3 Bd7 8. e4
h6 9. O-O O-O 10. Bc2 Qe7 11. e5 Nh7 12. a3 Bxc3 13. Qd3 f5 14. exf6 Nxf6 15.
bxc3 Rae8 16. Re1 g5 17. h4 g4 18. Ne5 Qg7 19. Qg6 Nxe5 20. dxe5 Nd5 21. Bxh6
1-0

[Event "I Festival A"]
[Site "Letojanni ITA"]
[Date "2001.12.22"]
[Round "1"]
[White "Pircher, Karl"]
[Black "Isonzo, David"]
[Result "0-1"]
[WhiteElo "2067"]
[BlackElo "2343"]
[PlyCount "104"]
[EventDate "2001.12.22"]

1. d4 Nf6 2. c4 d6 3. Nf3 g6 4. Nc3 Bg7 5. e4 O-O 6. Be2 e5 7. O-O Nc6 8. d5
Ne7 9. Ne1 Nd7 10. Nd3 f5 11. Bd2 Nf6 12. f3 f4 13. c5 h5 14. Rc1 Ne8 15. cxd6
cxd6 16. Nf2 g5 17. h3 Rf6 18. Nb5 Rg6 19. Qc2 Bd7 20. a4 Kh8 21. Qb3 Ng8 22.
Rc3 a6 23. Na3 Rb8 24. Rfc1 Ngf6 25. Qd1 b5 26. axb5 axb5 27. b4 Rh6 28. Be1
Qb6 29. Kf1 Rh7 30. Nc2 Bf8 31. Ra1 g4 32. fxg4 hxg4 33. Bxg4 Nxg4 34. Nxg4 Qd8
35. Ra7 Qg5 36. Bf2 Rg7 37. Ne1 Bxg4 38. Rxg7 Kxg7 39. hxg4 Nf6 40. Rc7+ Kg8
41. Nf3 Qxg4 42. Qc2 Ra8 43. Qb1 Ra3 44. Rb7 Qc8 45. Rb6 Qc4+ 46. Kg1 Qc3 47.
Rc6 Ra1 48. Rxc3 Rxb1+ 49. Be1 Rxb4 50. Ng5 Nxe4 51. Rc8 Rb1 52. Ne6 Rxe1+ 0-1

[Event "I Festival A"]
[Site "Letojanni ITA"]
[Date "2001.12.22"]
[Round "1"]
[White "Ragonese, Lucio Rosario"]
[Black "Djuric, Stefan"]
[Result "0-1"]
[WhiteElo "2073"]
[BlackElo "2512"]
[PlyCount "48"]
[EventDate "2001.12.22"]

1. d4 Nf6 2. Nf3 c5 3. c3 Qc7 4. Bg5 Ne4 5. Bh4 cxd4 6. Qxd4 f5 7. Nbd2 Nc6 8.
Qa4 d5 9. e3 Nc5 10. Qc2 e5 11. Bb5 a6 12. Bxc6+ bxc6 13. O-O Bd6 14. Bg3 O-O
15. c4 f4 16. exf4 Bf5 17. Qc3 d4 18. Nxd4 exd4 19. Qxd4 Ne6 20. Qc3 Nxf4 21.
Bxf4 Bxf4 22. Nf3 Be4 23. g3 Rf6 24. Rae1 Bxf3 0-1

[Event "I Festival A"]
[Site "Letojanni ITA"]
[Date "2001.12.22"]
[Round "1"]
[White "Rigo, Janos"]
[Black "Bondielli, Giorgio"]
[Result "1-0"]
[WhiteElo "2338"]
[BlackElo "2006"]
[PlyCount "111"]
[EventDate "2001.12.22"]

1. e4 e5 2. Nf3 Nf6 3. Nc3 Bb4 4. Bc4 Nc6 5. d3 d5 6. exd5 Nxd5 7. Bd2 Bxc3 8.
bxc3 O-O 9. h3 b6 10. O-O Bb7 11. Re1 Qd6 12. a4 Rfe8 13. Ng5 Rad8 14. Qf3 Rd7
15. Ne4 Qg6 16. Bg5 f6 17. Nxf6+ gxf6 18. Bxd5+ Rxd5 19. Qxd5+ Kg7 20. Bxf6+
Qxf6 21. Re3 Kh8 22. Rf3 Qe6 23. Qxe6 Rxe6 24. Re1 Kg7 25. Rfe3 Rg6 26. g3 Bc8
27. Kh2 Rh6 28. g4 Rf6 29. Kg3 Bb7 30. Rb1 Rd6 31. a5 Kf6 32. axb6 axb6 33.
Rbe1 Rd8 34. Re4 Rd7 35. h4 h6 36. h5 Rg7 37. f4 Re7 38. Rf1 Kg7 39. fxe5 Rxe5
40. Rxe5 Nxe5 41. Ra1 Nc6 42. Kh4 Kf6 43. Rf1+ Kg7 44. g5 hxg5+ 45. Kxg5 Ne5
46. h6+ Kh7 47. Rf5 Nf3+ 48. Kh5 Kg8 49. Rf4 Bc6 50. Rg4+ Kh8 51. Rg7 Be8+ 52.
Kg4 Ne5+ 53. Kf5 Nf7 54. Kf6 Nxh6 55. Rxc7 Ba4 56. Kg6 1-0

[Event "I Festival A"]
[Site "Letojanni ITA"]
[Date "2001.12.22"]
[Round "1"]
[White "Tondo, Salvatore"]
[Black "Hocevar, Nikola"]
[Result "1/2-1/2"]
[WhiteElo "1779"]
[BlackElo "2169"]
[PlyCount "31"]
[EventDate "2001.12.22"]

1. e4 c5 2. c3 d5 3. exd5 Qxd5 4. d4 Nc6 5. Nf3 Bg4 6. Be2 cxd4 7. cxd4 e6 8.
Nc3 Bb4 9. Bd2 Qd8 10. a3 Bd6 11. Bg5 Nge7 12. O-O O-O 13. d5 exd5 14. Nxd5 Be6
15. Nxe7+ Bxe7 16. Qxd8 1/2-1/2

[Event "I Festival A"]
[Site "Letojanni ITA"]
[Date "2001.12.23"]
[Round "2"]
[White "Amato, Giampiero"]
[Black "Rigo, Janos"]
[Result "1/2-1/2"]
[WhiteElo "1722"]
[BlackElo "2338"]
[PlyCount "107"]
[EventDate "2001.12.22"]

1. e4 c5 2. Nf3 Nc6 3. d4 cxd4 4. Nxd4 g6 5. c4 Bg7 6. Be3 Nf6 7. Nc3 d6 8. Be2
Bd7 9. O-O O-O 10. Rc1 Rc8 11. f3 Ne5 12. b3 a6 13. Qd2 Re8 14. Rfd1 Qa5 15.
Rc2 Nc6 16. Nd5 Nxd5 17. Qxa5 Nxa5 18. exd5 b5 19. Rdc1 bxc4 20. bxc4 e6 21.
dxe6 fxe6 22. c5 Ba4 23. Bxa6 Ra8 24. Bb5 Bxd4 25. Bxd4 Bxb5 26. cxd6 e5 27.
Bb6 Ra6 28. Bxa5 Rxa5 29. Rc5 Rea8 30. Rxe5 Bd7 31. Re7 R5a7 32. h4 Re8 33.
Rxe8+ Bxe8 34. Rc7 Rxc7 35. dxc7 Bd7 36. Kf2 Kf7 37. Kg3 Ke6 38. h5 g5 39. f4
Kf5 40. fxg5 Kxg5 41. a4 Bc8 42. a5 Kxh5 43. Kf4 Kg6 44. Ke5 Kf7 45. Kd6 Kf6
46. Kc5 Ke7 47. Kb6 Kd6 48. a6 Bxa6 49. Kxa6 Kxc7 50. Kb5 Kd6 51. Kc4 Ke5 52.
Kd3 Kf4 53. Ke2 Kg3 54. Kf1 1/2-1/2

[Event "I Festival A"]
[Site "Letojanni ITA"]
[Date "2001.12.23"]
[Round "2"]
[White "Antoniacci, Riccardo"]
[Black "Pircher, Karl"]
[Result "1/2-1/2"]
[WhiteElo "1735"]
[BlackElo "2067"]
[PlyCount "42"]
[EventDate "2001.12.22"]

1. d4 f5 2. g3 d5 3. Bg2 e6 4. Nf3 Nf6 5. c4 c6 6. O-O Bd6 7. b3 Qe7 8. Bg5
Nbd7 9. Nc3 O-O 10. c5 Bc7 11. b4 e5 12. e3 h6 13. Bxf6 Qxf6 14. a4 b6 15. Qc2
Bb7 16. Rfc1 a5 17. cxb6 Bxb6 18. dxe5 Nxe5 19. b5 c5 20. Qa2 Rad8 21. e4 Nd3
1/2-1/2

[Event "I Festival A"]
[Site "Letojanni ITA"]
[Date "2001.12.23"]
[Round "2"]
[White "Bondielli, Giorgio"]
[Black "Ragonese, Lucio Rosario"]
[Result "1-0"]
[WhiteElo "2006"]
[BlackElo "2073"]
[PlyCount "59"]
[EventDate "2001.12.22"]

1. e4 c6 2. d4 d5 3. Nc3 dxe4 4. Nxe4 Nd7 5. Bc4 Ngf6 6. Ng5 e6 7. Qe2 Nb6 8.
Bb3 Bd6 9. Ne4 Nxe4 10. Qxe4 O-O 11. Nf3 Qc7 12. Ng5 g6 13. Qh4 f6 14. Ne4 Be7
15. Bh6 Rf7 16. O-O Nd5 17. c4 f5 18. Ng5 Nf4 19. Rfe1 Bf6 20. Qg3 Re7 21. Nxh7
Kxh7 22. Bxf4 Qa5 23. Be5 Kg7 24. Bxf6+ Kxf6 25. Qh4+ Kf7 26. Qh7+ Kf6 27. Qh8+
Kf7 28. Re3 Re8 29. Qh7+ Kf6 30. Rg3 1-0

[Event "I Festival A"]
[Site "Letojanni ITA"]
[Date "2001.12.23"]
[Round "2"]
[White "Bottino, Alexiei"]
[Black "Tondo, Salvatore"]
[Result "1-0"]
[WhiteElo "2101"]
[BlackElo "1779"]
[PlyCount "90"]
[EventDate "2001.12.22"]

1. d4 d5 2. c4 e6 3. Nc3 Nf6 4. cxd5 exd5 5. Bg5 Be7 6. e3 O-O 7. Bd3 c6 8.
Nge2 h6 9. Bf4 Re8 10. O-O Nbd7 11. Rc1 Nf8 12. f3 Ne6 13. Bg3 Bd6 14. Bf2 g6
15. Qd2 Kg7 16. e4 Bb8 17. e5 Ng8 18. f4 f5 19. Ng3 Rf8 20. b4 a6 21. a4 Ba7
22. Bb1 Qb6 23. Nce2 Ne7 24. Be3 Bd7 25. Kh1 Bb8 26. a5 Qd8 27. Nc3 h5 28. Na4
Ba7 29. Nc5 Bxc5 30. dxc5 h4 31. Ne2 Rh8 32. Rf3 Rh5 33. Rg1 Qh8 34. Rf2 Rg8
35. g3 Kf7 36. Nc3 g5 37. g4 gxf4 38. gxh5 Rxg1+ 39. Kxg1 fxe3 40. Qxe3 d4 41.
Qd3 Qxe5 42. Ne2 Ng5 43. Ba2+ Kf6 44. Nf4 Qe4 45. Qxe4 Nxe4 1-0

[Event "I Festival A"]
[Site "Letojanni ITA"]
[Date "2001.12.23"]
[Round "2"]
[White "Djuric, Stefan"]
[Black "Martorelli, Antonio"]
[Result "1-0"]
[WhiteElo "2512"]
[BlackElo "2278"]
[PlyCount "35"]
[EventDate "2001.12.22"]

1. d4 Nf6 2. c4 c5 3. d5 b5 4. cxb5 a6 5. e3 e6 6. Nc3 Bb7 7. e4 axb5 8. Bxb5
Qa5 9. Qe2 Be7 10. Bd2 O-O 11. e5 Ne8 12. Nf3 Qb4 13. O-O Qxb2 14. a4 Ba6 15.
d6 Bd8 16. Qe4 Bxb5 17. Nxb5 Nc6 18. Rfb1 1-0

[Event "I Festival A"]
[Site "Letojanni ITA"]
[Date "2001.12.23"]
[Round "2"]
[White "Gangemi, Salvatore"]
[Black "Naumkin, Igor"]
[Result "0-1"]
[WhiteElo "2055"]
[BlackElo "2414"]
[PlyCount "58"]
[EventDate "2001.12.22"]

1. c4 e5 2. g3 Nf6 3. Bg2 c6 4. Nc3 d5 5. cxd5 cxd5 6. d3 d4 7. Nb1 Nc6 8. Nf3
Be7 9. Nbd2 O-O 10. O-O Be6 11. Ne4 Nd5 12. Neg5 Bc8 13. Qb3 Nb6 14. h4 h6 15.
Ne4 Be6 16. Qd1 f5 17. Ned2 Bf6 18. Bh3 Qe7 19. a4 e4 20. Ne1 Nd5 21. Nc4 Rad8
22. Bg2 Bf7 23. Kh2 Bh5 24. Qd2 Rfe8 25. Bh3 Qc7 26. Ng2 e3 27. fxe3 dxe3 28.
Qe1 Nd4 29. Nf4 Nxe2 0-1

[Event "I Festival A"]
[Site "Letojanni ITA"]
[Date "2001.12.23"]
[Round "2"]
[White "Hocevar, Nikola"]
[Black "Messina, Elia"]
[Result "1-0"]
[WhiteElo "2169"]
[BlackElo "1725"]
[PlyCount "53"]
[EventDate "2001.12.22"]

1. c4 f5 2. d4 e6 3. Nf3 Nf6 4. g3 c6 5. Bg2 d5 6. Nbd2 Bd6 7. c5 Bc7 8. b3 O-O
9. Bb2 Nbd7 10. Qc2 Ne4 11. e3 Ndf6 12. O-O Qe8 13. Ne5 Bxe5 14. dxe5 Nxd2 15.
Qxd2 Ne4 16. Qc2 Qe7 17. Rac1 Bd7 18. Bd4 Be8 19. Qe2 Bg6 20. h4 Qe8 21. Qe1 b6
22. b4 a5 23. f3 axb4 24. fxe4 dxe4 25. cxb6 Rxa2 26. Qxb4 Bh5 27. b7 1-0

[Event "I Festival A"]
[Site "Letojanni ITA"]
[Date "2001.12.23"]
[Round "2"]
[White "Isonzo, David"]
[Black "Bonaccorsi, Fabrizio"]
[Result "1-0"]
[WhiteElo "2343"]
[BlackElo "2163"]
[PlyCount "49"]
[EventDate "2001.12.22"]

1. e4 c5 2. Nf3 Nc6 3. d4 cxd4 4. Nxd4 Nf6 5. Nc3 e5 6. Ndb5 d6 7. Bg5 a6 8.
Bxf6 gxf6 9. Na3 b5 10. Nd5 Be6 11. c3 f5 12. exf5 Bxf5 13. Qf3 Be6 14. Nf6+
Ke7 15. Nc2 Bh6 16. Rd1 Qf8 17. Nd5+ Bxd5 18. Qxd5 Kd7 19. Bd3 Ne7 20. Bxb5+
axb5 21. Qxd6+ Kc8 22. Qd7+ Kb8 23. Qxb5+ Kc8 24. Qc5+ Kb8 25. Rd7 1-0

[Event "I Festival A"]
[Site "Letojanni ITA"]
[Date "2001.12.23"]
[Round "2"]
[White "Rabovszky, Gyorgy"]
[Black "Cappadona, Salvatore"]
[Result "1/2-1/2"]
[WhiteElo "2070"]
[BlackElo "1979"]
[PlyCount "99"]
[EventDate "2001.12.22"]

1. e4 d6 2. d4 Nf6 3. Bd3 e5 4. Nf3 Bg4 5. c3 Nbd7 6. h3 Bh5 7. Bg5 Be7 8. Nbd2
O-O 9. Qb3 Bxf3 10. Nxf3 d5 11. dxe5 Nc5 12. exf6 Nxd3+ 13. Ke2 Bxf6 14. Qxd5
Nxb2 15. Bxf6 Qxf6 16. Qb3 Qb6 17. Nd4 Qa6+ 18. Qb5 Qxb5+ 19. Nxb5 Na4 20. Rac1
c6 21. Nd6 Nc5 22. Ke3 Rad8 23. Rhd1 Rd7 24. Rd2 Re7 25. f3 f5 26. Kd4 Ne6+ 27.
Kc4 fxe4 28. Nxe4 Nf4 29. Rb1 b6 30. Rbd1 Re5 31. a4 Rd5 32. g3 Ng2 33. Kb3 Ne3
34. c4 Rdf5 35. Re1 Rxf3 36. Rd3 Nf5 37. Rxf3 Nd4+ 38. Kc3 Nxf3 39. Rf1 c5 40.
Nd6 Rd8 41. Nb5 Nd4 42. Nxd4 Rxd4 43. Rf3 Rd6 44. g4 g6 45. Kb3 Kg7 46. a5 Rd4
47. axb6 axb6 48. Kc3 g5 49. Rf5 h6 50. Re5 1/2-1/2

[Event "I Festival A"]
[Site "Letojanni ITA"]
[Date "2001.12.24"]
[Round "3"]
[White "Bonaccorsi, Fabrizio"]
[Black "Bondielli, Giorgio"]
[Result "1-0"]
[WhiteElo "2163"]
[BlackElo "2006"]
[PlyCount "87"]
[EventDate "2001.12.22"]

1. c4 e5 2. g3 f5 3. Bg2 Nf6 4. Nc3 Bc5 5. a3 a5 6. e3 Nc6 7. Nge2 d6 8. d4 Ba7
9. Rb1 O-O 10. O-O Qe8 11. b4 axb4 12. axb4 Qh5 13. Nd5 Nxd5 14. Bxd5+ Kh8 15.
Bg2 f4 16. gxf4 Bg4 17. f3 Qg6 18. Rb3 Bf5 19. Qd2 exd4 20. Nxd4 Nxd4 21. exd4
Qe6 22. Rc3 Rfe8 23. Qf2 Bb6 24. c5 Ra2 25. Qg3 Qf6 26. Rd1 dxc5 27. bxc5 Ba5
28. Re3 Rxe3 29. Bxe3 Qe6 30. Bf2 Bc2 31. Rf1 Bd3 32. Bh3 Qe8 33. Rd1 Qe2 34.
Rf1 Rd2 35. Qg4 Qe8 36. Re1 Re2 37. Rxe2 Bxe2 38. Kg2 b5 39. d5 b4 40. Bd4 Qf8
41. Qd7 Bc4 42. f5 Qg8 43. Kf2 Bxd5 44. f6 1-0

[Event "I Festival A"]
[Site "Letojanni ITA"]
[Date "2001.12.24"]
[Round "3"]
[White "Cappadona, Salvatore"]
[Black "Pircher, Karl"]
[Result "1-0"]
[WhiteElo "1979"]
[BlackElo "2067"]
[PlyCount "63"]
[EventDate "2001.12.22"]

1. e4 e6 2. Nf3 d5 3. Nc3 Nf6 4. Qe2 Be7 5. g3 c5 6. e5 Nfd7 7. Bg2 Nc6 8. O-O
b6 9. Re1 Bb7 10. d3 Qc7 11. Bf4 O-O-O 12. Nxd5 exd5 13. e6 Bd6 14. exd7+ Qxd7
15. Bxd6 Qxd6 16. c3 d4 17. Ng5 Qc7 18. Rad1 Kb8 19. Qf3 h6 20. Nh3 Rd7 21. Nf4
dxc3 22. bxc3 Qd8 23. Qg4 g5 24. Nh5 Rxd3 25. Qa4 Rxd1 26. Rxd1 Qc7 27. Nf6 Ne5
28. Nd7+ Kc8 29. Bxb7+ Qxb7 30. Nxe5 Re8 31. Qg4+ Kc7 32. Rd7+ 1-0

[Event "I Festival A"]
[Site "Letojanni ITA"]
[Date "2001.12.24"]
[Round "3"]
[White "Isonzo, David"]
[Black "Djuric, Stefan"]
[Result "1-0"]
[WhiteElo "2343"]
[BlackElo "2512"]
[PlyCount "84"]
[EventDate "2001.12.22"]

1. e4 e5 2. Nf3 Nc6 3. Bc4 Bc5 4. c3 Bb6 5. d4 Qe7 6. O-O d6 7. h3 Nf6 8. Re1
a6 9. Be3 O-O 10. Nbd2 h6 11. Bd3 Ba7 12. a3 Rd8 13. d5 Bxe3 14. fxe3 Nb8 15.
Rf1 Nbd7 16. b4 c6 17. c4 a5 18. Qe1 Nf8 19. Kh1 Ng6 20. Bc2 Bd7 21. Nb3 axb4
22. axb4 Rdc8 23. Rxa8 Rxa8 24. Qd2 cxd5 25. exd5 e4 26. Nfd4 Ne5 27. c5 Nh5
28. Qe1 Nd3 29. Bxd3 exd3 30. c6 Bc8 31. Qf2 b6 32. b5 Nf6 33. Nd2 Ra2 34. Qe1
Qe5 35. N4f3 Qf4 36. g3 Rxd2 37. gxf4 Re2 38. Qa1 Bxh3 39. Rg1 Bg4 40. Rxg4
Nxg4 41. c7 Nf2+ 42. Kg1 Nh3+ 1-0

[Event "I Festival A"]
[Site "Letojanni ITA"]
[Date "2001.12.24"]
[Round "3"]
[White "Martorelli, Antonio"]
[Black "Amato, Giampiero"]
[Result "1-0"]
[WhiteElo "2278"]
[BlackElo "1722"]
[PlyCount "59"]
[EventDate "2001.12.22"]

1. e4 c5 2. Nf3 d6 3. d4 cxd4 4. Nxd4 Nf6 5. Nc3 g6 6. Be3 Bg7 7. f3 Nc6 8. Qd2
O-O 9. g4 e6 10. O-O-O d5 11. g5 Nh5 12. exd5 exd5 13. f4 Bg4 14. Be2 Bxe2 15.
Ndxe2 d4 16. Nxd4 Qa5 17. Nb3 Qf5 18. Nd5 Rfd8 19. Qg2 Kh8 20. Rd2 Rac8 21.
Rhd1 Re8 22. Qf2 Re4 23. Nc5 Ree8 24. Nc3 Rxe3 25. Qxe3 Nxf4 26. Rd8+ Bf8 27.
Rxc8 Ne2+ 28. Nxe2 Qxc8 29. Nd7 Nb8 30. Qc3+ 1-0

[Event "I Festival A"]
[Site "Letojanni ITA"]
[Date "2001.12.24"]
[Round "3"]
[White "Messina, Elia"]
[Black "Gangemi, Salvatore"]
[Result "1-0"]
[WhiteElo "1725"]
[BlackElo "2055"]
[PlyCount "117"]
[EventDate "2001.12.22"]

1. e4 e5 2. Nf3 Nc6 3. Bc4 Bc5 4. c3 Nf6 5. d4 exd4 6. e5 d5 7. exf6 dxc4 8.
Qe2+ Be6 9. fxg7 Rg8 10. Ng5 Rxg7 11. Nxe6 fxe6 12. Qh5+ Rg6 13. Qxc5 Qd5 14.
Qxd5 exd5 15. O-O O-O-O 16. Bf4 Rf8 17. Bg3 Re8 18. cxd4 Nxd4 19. Nc3 c6 20.
Rad1 Ne2+ 21. Nxe2 Rxe2 22. Rfe1 Rc2 23. Be5 b5 24. Bc3 a5 25. Rc1 Rxc1 26.
Rxc1 b4 27. Bd4 Kd7 28. b3 Rg4 29. Bb6 c3 30. Bxa5 c5 31. f3 Rd4 32. a3 Kc6 33.
axb4 cxb4 34. Bxb4 Rxb4 35. Rxc3+ Kb5 36. Kf2 Rd4 37. Ke3 Rh4 38. Rd3 Rxh2 39.
Rxd5+ Kb4 40. Rg5 Kxb3 41. f4 Kc4 42. Ke4 Rh1 43. Re5 Rg1 44. Kf3 Rf1+ 45. Kg4
Rb1 46. Kg5 Kd4 47. Re7 Rb5+ 48. f5 h6+ 49. Kf4 Rb1 50. Rd7+ Kc5 51. f6 Kc6 52.
Rd2 Rf1+ 53. Ke5 h5 54. Ke6 h4 55. Rc2+ Kb5 56. f7 Rf4 57. Re2 Kc4 58. Ke7 Kd3
59. Re6 1-0

[Event "I Festival A"]
[Site "Letojanni ITA"]
[Date "2001.12.24"]
[Round "3"]
[White "Naumkin, Igor"]
[Black "Scalcione, Michelangelo"]
[Result "1-0"]
[WhiteElo "2414"]
[BlackElo "2292"]
[PlyCount "91"]
[EventDate "2001.12.22"]

1. d4 Nf6 2. Nf3 e6 3. c4 b6 4. g3 Bb7 5. Bg2 Be7 6. Nc3 Ne4 7. Bd2 f5 8. d5
Bf6 9. Qc2 Qe7 10. Rd1 Na6 11. O-O O-O 12. a3 Nac5 13. b4 Nxc3 14. Bxc3 Bxc3
15. Qxc3 Ne4 16. Qb3 e5 17. Nh4 Qf7 18. Bxe4 fxe4 19. Qe3 a5 20. Qxe4 axb4 21.
axb4 Ra2 22. f4 Qh5 23. fxe5 Qxe2 24. Qxe2 Rxe2 25. Rxf8+ Kxf8 26. Ra1 c6 27.
Ra7 cxd5 28. Rxb7 dxc4 29. Rxb6 c3 30. Rb8+ Kf7 31. Rc8 Re4 32. Rxc3 Rxb4 33.
Nf3 Ke6 34. Rd3 Rb2 35. Rd6+ Ke7 36. Rd4 Ke6 37. Rh4 h6 38. Rd4 Ra2 39. Rd6+
Ke7 40. h4 Re2 41. Kf1 Ra2 42. h5 Ra8 43. Kf2 Rf8 44. Rg6 Rf7 45. Ke3 Kf8 46.
g4 1-0

[Event "I Festival A"]
[Site "Letojanni ITA"]
[Date "2001.12.24"]
[Round "3"]
[White "Ortega, Lexy"]
[Black "Hocevar, Nikola"]
[Result "1-0"]
[WhiteElo "2494"]
[BlackElo "2169"]
[PlyCount "81"]
[EventDate "2001.12.22"]

1. d4 d5 2. c4 e6 3. Nc3 Nf6 4. cxd5 exd5 5. Bg5 Be7 6. e3 O-O 7. Bd3 Nbd7 8.
Qc2 c6 9. Nf3 Re8 10. h3 Nf8 11. Bf4 Bd6 12. Bxd6 Qxd6 13. O-O-O Be6 14. Kb1 a6
15. g4 c5 16. dxc5 Qxc5 17. Nd4 b5 18. g5 Ne4 19. Nxe4 Qxc2+ 20. Bxc2 dxe4 21.
Nxe6 Rxe6 22. Rd4 Rae8 23. h4 g6 24. Rhd1 Kg7 25. Rd6 f6 26. gxf6+ Rxf6 27.
Rxf6 Kxf6 28. b4 Re5 29. Rd6+ Re6 30. Rxe6+ Nxe6 31. Bxe4 g5 32. hxg5+ Nxg5 33.
Bb7 h5 34. Bxa6 Ne4 35. Kc2 h4 36. Bxb5 Nxf2 37. a4 h3 38. a5 Ne4 39. Bc6 Ke5
40. Bxe4 Kxe4 41. a6 1-0

[Event "I Festival A"]
[Site "Letojanni ITA"]
[Date "2001.12.24"]
[Round "3"]
[White "Ragonese, Lucio Rosario"]
[Black "Antoniacci, Riccardo"]
[Result "1-0"]
[WhiteElo "2073"]
[BlackElo "1735"]
[PlyCount "105"]
[EventDate "2001.12.22"]

1. d4 d5 2. Nf3 Nf6 3. Bg5 e6 4. Nbd2 Be7 5. e3 h6 6. Bh4 Nbd7 7. Bd3 c5 8. c3
b6 9. Qa4 Bb7 10. Ne5 c4 11. Be2 O-O 12. Nc6 Bxc6 13. Qxc6 Rc8 14. Qa4 Qc7 15.
f4 a6 16. O-O b5 17. Qc2 a5 18. g4 Rce8 19. Bg3 Bd6 20. h4 Nh7 21. Nf3 Ndf6 22.
Ne5 Ne4 23. Bh2 Bxe5 24. fxe5 Qe7 25. Bf3 f5 26. gxf5 exf5 27. Bxe4 fxe4 28.
Bg3 g5 29. Qh2 b4 30. Rac1 Qe6 31. Rc2 Rf3 32. Rxf3 exf3 33. hxg5 hxg5 34. Qh5
Qf7 35. Qxf7+ Kxf7 36. Rh2 Kg6 37. Kf2 Rf8 38. Rh1 bxc3 39. bxc3 Rb8 40. Kxf3
Rb2 41. e4 dxe4+ 42. Kxe4 Rg2 43. Be1 Rxa2 44. d5 g4 45. d6 Ra1 46. Kd5 g3 47.
e6 g2 48. Rg1 Nf6+ 49. Kc6 Kf5 50. d7 Rd1 51. e7 Nxd7 52. e8=Q Ne5+ 53. Qxe5+
1-0

[Event "I Festival A"]
[Site "Letojanni ITA"]
[Date "2001.12.24"]
[Round "3"]
[White "Rigo, Janos"]
[Black "Bottino, Alexiei"]
[Result "1-0"]
[WhiteElo "2338"]
[BlackElo "2101"]
[PlyCount "67"]
[EventDate "2001.12.22"]

1. e4 c5 2. Nf3 Nc6 3. Bb5 g6 4. O-O Bg7 5. Re1 e5 6. Na3 Nge7 7. c3 O-O 8. h3
d5 9. d3 h6 10. exd5 Qxd5 11. Nc4 Be6 12. Qe2 f6 13. a4 Rad8 14. a5 Bf7 15. Nh2
Nf5 16. Ng4 Nce7 17. Nce3 Qd6 18. Nc4 Qc7 19. Nd2 Nd5 20. Ne4 h5 21. Nh2 Nd6
22. Nxd6 Qxd6 23. Bc4 Rfe8 24. Qf3 Qf8 25. Nf1 Re7 26. Ng3 Red7 27. Ne4 b6 28.
axb6 axb6 29. Ra6 Rb8 30. Bd2 Qe7 31. Rea1 b5 32. Bxd5 Bxd5 33. Nxf6+ Kh8 34.
Nxd5 1-0

[Event "I Festival A"]
[Site "Letojanni ITA"]
[Date "2001.12.24"]
[Round "3"]
[White "Tondo, Salvatore"]
[Black "Rabovszky, Gyorgy"]
[Result "1/2-1/2"]
[WhiteElo "1779"]
[BlackElo "2070"]
[PlyCount "76"]
[EventDate "2001.12.22"]

1. e4 e6 2. d4 a6 3. Bd3 b5 4. Nf3 Bb7 5. O-O c5 6. c3 Qc7 7. Re1 Nf6 8. Bg5
Be7 9. Nbd2 c4 10. Bc2 d6 11. Qe2 Nbd7 12. Nf1 h6 13. Bxf6 Nxf6 14. a4 O-O 15.
Ng3 Nh7 16. Rad1 d5 17. e5 Bc6 18. axb5 axb5 19. Nd2 b4 20. f4 Ra2 21. Nf3 bxc3
22. bxc3 g6 23. Rd2 Ra3 24. Qe3 Bd7 25. f5 exf5 26. Qxh6 Rxc3 27. h4 Kh8 28.
Kf2 Rg8 29. Ng5 Rg7 30. Ra1 Qb8 31. Ne2 Rxc2 32. Rxc2 f6 33. Rca2 Bc6 34. Ne6
Rg8 35. N2f4 Qe8 36. Ra7 fxe5 37. dxe5 Qf7 38. Nd4 Bf8 1/2-1/2

[Event "I Festival A"]
[Site "Letojanni ITA"]
[Date "2001.12.26"]
[Round "4"]
[White "Antoniacci, Riccardo"]
[Black "Gangemi, Salvatore"]
[Result "0-1"]
[WhiteElo "1735"]
[BlackElo "2055"]
[PlyCount "80"]
[EventDate "2001.12.22"]

1. e4 e6 2. d3 d5 3. Nd2 Nf6 4. g3 Bc5 5. Bg2 Nc6 6. Ngf3 O-O 7. O-O Re8 8. Nb3
Bd6 9. Re1 dxe4 10. dxe4 e5 11. Bd2 h6 12. Qe2 a5 13. Bc3 Bg4 14. Qb5 Qc8 15.
Nc5 Rb8 16. Rad1 Na7 17. Qxa5 b6 18. Qxa7 Bxc5 19. Qa4 b5 20. Qa5 Qb7 21. Bd2
Nxe4 22. Ng5 Bxf2+ 23. Kf1 Bxe1 24. Nxe4 Bxd2 25. Qxd2 Qb6 26. Re1 Rbd8 27. Qc3
b4 28. Qc5 Qxc5 29. Nxc5 Rd2 30. Nd3 Rxc2 31. Bd5 Bh3+ 32. Kg1 Rd2 33. Bc4 e4
34. Nf4 Bg4 35. h3 Bf3 36. Ng6 Rg2+ 37. Kf1 Rxg3 38. Nf4 g5 39. Nd5 Kg7 40.
Nxc7 Rc8 0-1